000 00509ntaaa2200181 4500
003 01
005 20251027202410.0
008 0714s1973 ag 01
040 _aAR-BaBN
_bspa
_cAR-BaBN
_eaacr
_dRIC
082 _a286.0000 D66
100 _aDodd, Damon C
_922740
245 _aThe free will baptist story
250 _a1 ed.
260 _aNashville :
_bExecutive Department of the National Association of Free Will Baptists,
_cc1956
300 _a186 p
650 _abautistas arminianos
_922741
942 _cBK
999 _c18897
_d18897